Countries - Alternate Letters - 1 - Statistics

General Stats
  • This quiz has been taken 23 times
  • The average score is 6 of 10
Answer Stats
Hint Answer % Correct
_A_A_U_Y Paraguay
94%
_H_N_ China
89%
_A_I Mali
89%
_W_T_E_L_N_ Switzerland
72%
_R_E_T_N_ Argentina
50%
_A_A_A Canada
50%
_A_T_ Haiti
50%
_L_A_I_ Albania
39%
_N_O_E_I_ Indonesia
33%
_O_T_ A_R_C_ South Africa
22%
No matching quizzes found
Score Distribution
Percent of People with Each Score
Percentile by Number Answered
Your Score History
You have not taken this quiz